00380nam a2200157Ia 45000010006000000050017000060080041000230410008000640820015000721000029000872450053001162600009001693000028001786500008002066540008002142080120260306172832.0260306t2011||||xx |||||||||||||| ||spa|| aESP a343.8bC28 aCarvalho, CristianoeAUT 0aEl análisis económico del derecho tributario c2011 a108 páginas :c20 cm. aGEN aCDE